'E' Baby Names 2010 - Girls (UK) Quiz Stats

 Plays Quiz not verified by Sporcle

Score 0/77 Timer 15:00
0 Plays Today
Rank Name % Correct
48Emma
97.8%
3Emily
97.4%
18Ella
95.9%
112Eve
95.1%
37Eva
94.3%
29Ellie
93.8%
430Elle
90.9%
93Eliza
90.3%
49Elizabeth
89.3%
10Evie
87.6%
87Evelyn
86.6%
61Eleanor
86.5%
35Erin
84.6%
216Ellen
82.1%
156Esther
79.4%
471Elisa
77.4%
406Ela
76.6%
71Emilia
74.9%
108Elsie
74%
387Erica
72.2%
259Edith
72%
290Emilie
71.2%
192Elena
70.2%
224Elsa
70.1%
156Elise
69.3%
74Esme
64.6%
559Elisabeth
64.2%
988Ema
63%
312Emmie
60.3%
293Edie
58.7%
593Erika
58.4%
438Elin
57.8%
184Ebony
57.3%
485Emmy
54.9%
109Eloise
54%
830Emme
52.9%
147Eden
51.5%
634Effie
46.9%
330Evangeline
46.4%
Rank Name % Correct
308Emelia
42.9%
414Eliana
39.1%
965Elinor
38.4%
531Elissa
36.5%
840Elina
36.5%
353Elisha
33.4%
695Enya
31.3%
205Ellie-May
30.7%
265Ellie-Mae
30.1%
773Elouise
27.4%
747Ella-May
26.5%
297Elodie
26.4%
896Elspeth
25.9%
623Ella-Mae
25.6%
285Esmee
25.4%
526Ella-Rose
24.3%
878Ellie-Rose
24.2%
965Ellena
22%
647Eryn
21.8%
616Evie-Mae
17.2%
380Ellie-Mai
16.9%
801Evie-Rose
16.3%
790Emily-Rose
16.3%
567Esha
11.1%
468Esmae
11.1%
840Elisia
9.5%
988Emmanuella
8.4%
862Eleni
8%
471Ella-Louise
6.3%
930Efa
5.1%
946Eleri
3.8%
683Emilija
2.3%
910Eesha
2.2%
910Elif
1.8%
485Eshal
1.5%
930Eshaal
1.4%
567Emaan
1.3%
862Eiliyah
1%

You're not logged in!

Compare scores with friends on all Sporcle quizzes.
OR
Log In

Show Comments

Extras

Created Sep 29, 2011ReportNominate
Tags:Baby Names Quiz

Top Quizzes Today


Score Distribution

Your Account Isn't Verified!

In order to create a playlist on Sporcle, you need to verify the email address you used during registration. Go to your Sporcle Settings to finish the process.

Report this User

Report this user for behavior that violates our Community Guidelines.

Details: